Giáo trình pháp luật đại cương : Dành cho sinh viên Đại học, Cao đẳng không thuộc chuyên ngành luật

Giáo trình đề cập đến những kiến thức rất cơ bản của một số lĩnh vực pháp luật.

Gorde:
Xehetasun bibliografikoak
Egile nagusia: Nguyễn, Thị Cẩm Hồng
Formatua: Liburua
Hizkuntza:Undetermined
Argitaratua: Cần Thơ Đại học Cần Thơ 2018
Gaiak:
Etiketak: Etiketa erantsi
Etiketarik gabe, Izan zaitez lehena erregistro honi etiketa jartzen!
Thư viện lưu trữ: Trung tâm Học liệu Trường Đại học Cần Thơ
LEADER 00923nam a2200229Ia 4500
001 CTU_229452
008 210402s9999 xx 000 0 und d
020 |c 55000 
082 |a 340.071 
082 |b H455 
100 |a Nguyễn, Thị Cẩm Hồng 
245 0 |a Giáo trình pháp luật đại cương : 
245 0 |b Dành cho sinh viên Đại học, Cao đẳng không thuộc chuyên ngành luật 
245 0 |c Nguyễn Thị Cẩm Hồng, Nguyễn Chí Dũng (Chủ biên) 
260 |a Cần Thơ 
260 |b Đại học Cần Thơ 
260 |c 2018 
520 |a Giáo trình đề cập đến những kiến thức rất cơ bản của một số lĩnh vực pháp luật. 
650 |a Luật,Law 
650 |x Dạy và học,Study and teaching 
910 |b nthai 
980 |a Trung tâm Học liệu Trường Đại học Cần Thơ